| 000 | 00894cam a22002897a 4500 | ||
|---|---|---|---|
| 003 | CHAP | ||
| 005 | 20220329133501.0 | ||
| 008 | 971013s r 00010 d | ||
| 010 | _a6909 | ||
| 011 | _a7881 | ||
| 035 | _a7106 | ||
| 040 | _cCHAP | ||
| 090 | _aR-3408 | ||
| 100 | 0 | 0 |
_aDonald, D. G. M. _933941 |
| 245 | 1 | 4 | _aThe effect of planting depth on the survival of Pinus radiata, Pinus pinaster and Pinus taeda |
| 500 | _aSobretiro de : South African Forestry Journal No. 74:17-19 | ||
| 590 |
_aBATCH-UPD _b10 _c20130110 _lUCH01 _h0115 |
||
| 590 |
_aBATCH-UPD _b10 _c20130110 _lUCH01 _h1701 |
||
| 590 |
_aCONVERSION _b10 _c20130109 _lUCH01 _h1305 |
||
| 650 | 1 | 4 |
_aPinus pinaster. _988357 |
| 650 | 1 | 4 |
_aPinus radiata. _988362 |
| 650 | 1 | 4 |
_aPinus taeda. _988368 |
| 650 | 1 | 4 |
_aViveros forestales. _9120100 |
| 901 | _aBK | ||
| 942 | _cREIMP | ||
| 949 |
_aR-3408 _bBC _cR _d-16914 _eTS1 _i7106 _si |
||
| 999 |
_c6909 _d6909 |
||